000 00286nam a2200121 4500
999 _c10889
_d10889
003 OSt
005 20221020144003.0
008 221020b ||||| |||| 00| 0 eng d
100 _aZ Finitskaya
245 _aSamarkand
260 _aMOSCOW
_bProgress publishers publishers
942 _2ddc